Nova Scotia A-Z - Statistics

General Stats
  • This quiz has been taken 13 times
  • The average score is 17 of 25
Answer Stats
Clue Answer % Correct
N Translation of "Nova Scotia" from Latin New Scotland
100%
B Largest island: Cape ______ Breton
90%
F Bay known for extremely high tides Fundy
90%
H Capital of Nova Scotia Halifax
90%
I Type of landform that connects Nova Scotia to the rest of mainland Canada Isthmus
90%
M Provincial flower (hint: famous ship) Mayflower
90%
Q Group that settled Dartmouth in 1785 Quakers
90%
T Sitcom set in NS: _____ Park Boys Trailer
90%
A First name of Keith and Graham Bell Alexander
80%
E Event in the capital's harbor in 1917 Explosion
80%
U Acadia, Dalhousie, Saint Mary's, etc. University
80%
Z Permanent population of Sable Island Zero
80%
G Maine or Saint Lawrence, e.g. Gulf
70%
P Lighthouse known across Canada: _____'s Cove Peggy
60%
S Second-largest city in Nova Scotia Sydney
60%
V Northernmost county of Nova Scotia Victoria
60%
W The Wolfville area is known for this Wine
60%
Y Port town in the far southwest Yarmouth
60%
C Scenic highway located on the above, named for a famous explorer Cabot
50%
D Sliced meat in pita bread dish Donair
50%
J Major blizzard in 2004: White ____ Juan
40%
K One of three national parks in NS Kejimkujik
40%
L Town that became a WHS in 1995 Lunenburg
40%
R First French settlement: Port _____ Royal
40%
O Family that built the Bluenose II Oland
30%
No matching quizzes found
Score Distribution
Percent of People with Each Score
Percentile by Number Answered
Your Score History
You have not taken this quiz